| LEADER |
00726nam0a2200217 450 |
| 001 |
16803167 |
| 010 |
|
|
|a 978-2-7470-2396-2
|b br.
|d 4,9
|
| 100 |
|
|
|a 20070807d2026 u u0frey01 ba
|
| 101 |
1 |
|
|a fre
|c eng
|
| 102 |
|
|
|a FR
|
| 200 |
0 |
|
|a Oublie ça !
|f Jim Benton...
|g texte français de Marie-Josée Brière
|
| 207 |
|
1 |
|a
|
| 210 |
|
|
|a [Paris]
|c Bayard Jeunesse
|d DL 2007
|
| 215 |
|
|
|a 1 vol. (111 p.)
|c ill., couv. ill. en coul.
|d 19 cm
|
| 225 |
1 |
|
|v 1
|
| 461 |
|
0 |
|t Mon journal grave nul
|v 1
|
| 700 |
|
0 |
|a Benton
|b Jim
|f 1960-....
|4 70
|
| 702 |
|
0 |
|a Brière
|b Marie-Josée
|4 730
|
| 900 |
|
|
|a Roman enfant
|
| 901 |
|
|
|a Accessible au prêt
|
| 995 |
|
|
|a Bibliothèque
|c Bibliothèque
|f 024011062
|h 024011062
|k E C3 BEN
|o p
|q j
|r az
|e Bibliothèque
|